| 000 | 00447nam a2200181Ia 4500 | ||
|---|---|---|---|
| 001 | 14270 | ||
| 005 | 20260306164902.0 | ||
| 008 | 260306t2012||||xx |||||||||||||| ||spa|| | ||
| 041 | _aESP | ||
| 082 |
_a510.33 _bC21 |
||
| 100 |
_aCalderón Montero, Susana _eAUT |
||
| 245 | 0 | _aMatemáticas para la economía y la empresa | |
| 260 | _c2012 | ||
| 300 |
_a515 páginas : _c24 cm. |
||
| 650 | _aGEN | ||
| 654 | _aCMA | ||
| 942 |
_cLIB _dJUS _fJUS _2ddc _n |
||
| 999 |
_c14270 _d14270 |
||